| 000 | 00374nam a22001577a 4500 | ||
|---|---|---|---|
| 003 | OSt | ||
| 005 | 20240322154634.0 | ||
| 008 | 191001b xxu||||| |||| 00| 0 eng d | ||
| 020 | _a 978-8122433326 | ||
| 040 | _cIIMT UNIVERSITY | ||
| 100 | _aKHURANA A K | ||
| 245 | _aREVIEW OF OPTHTHALMOLOGY | ||
| 260 |
_aMEERUT _bJAYPEE _c12/9/19 |
||
| 300 | _a216 | ||
| 942 |
_2ddc _c01 |
||
| 999 |
_c49144 _d49144 |
||